Laboratory studies in earth history

Utilizing actual case studies and field photographs, this successful lab manual covers the full spectrum of historical geology sediments, plate tectonics, paleontology, and petrology in flexible, self-contained units. This manual has been developed for use in both nonmajors and combined courses in h...

Descrición completa

Gardado en:
Detalles Bibliográficos
Autor Principal: Brice, James C.
Formato: Libro
Idioma:Undetermined
Publicado: Boston McGraw-Hill 2001
Những chủ đề:
Các nhãn: Engadir etiqueta
Sen Etiquetas, Sexa o primeiro en etiquetar este rexistro!
Thư viện lưu trữ: Trung tâm Học liệu Trường Đại học Cần Thơ
LEADER 01072nam a2200205Ia 4500
001 CTU_168532
008 210402s9999 xx 000 0 und d
020 |c 289.81 
082 |a 551.7 
082 |b B849 
100 |a Brice, James C. 
245 0 |a Laboratory studies in earth history 
245 0 |c James C. Brice, Harold L. Levin, Michael S. Smit 
260 |a Boston 
260 |b McGraw-Hill 
260 |c 2001 
520 |a Utilizing actual case studies and field photographs, this successful lab manual covers the full spectrum of historical geology sediments, plate tectonics, paleontology, and petrology in flexible, self-contained units. This manual has been developed for use in both nonmajors and combined courses in historical geology. The exercises emphasize the principles and methods by which geologists discover the origins and changing nature of our planet. 
650 |a Earth sciences,Lịch sử địa chất,Historical geology,Khoa học trái đất 
904 |i Huệ, Hải 
980 |a Trung tâm Học liệu Trường Đại học Cần Thơ